000 00827nam a22002297a 4500
999 _c144428
_d144428
005 20181112172540.0
010 _a1718EN-30 ENG-121968 B-686979-982
020 _a9780007541980
_c399.00
035 _aEN-105500
035 _aB-686979-982
037 _bIndex International
_adpl
037 _bDBAD/PUB
082 _aN
100 _aSheldon, Sidney
245 _aSidney Sheldon's chasing tomorrow :
_cby Sidney Sheldon
260 _c2014
_aNoida
_bHarperCollins
270 _a1 London Bridge Street
_bLondon
_eSE1 9GF
300 _c17cm(pbk)
_a394p.
700 _aBagshawe, Tilly
942 _cEN
_2ddc
_mSHE
_hN